000 00751pam a2200229 a 4500
020 _a0027263347
040 _cDLC
082 0 0 _a333 NEW 1995 A013 Or.
100 1 _aDenton, Peter,
245 1 4 _aThe World Wildlife Fund /
250 _a1st ed.
260 _aNew York :
_bNew Discovery Books,
_c1995.
300 _a64 p. :
_bill. (chiefly col.) ;
_c25 cm.
500 _a"First New Discovery Books ed."--T.p. verso.
500 _aOriginally published in Great Britain in 1993 by Exley Publications, Ltd. ... United Kingdom"--T.p. verso.
500 _aIncludes index.
650 0 _aNature conservation
650 1 _aWildlife conservation.
650 1 _aConservation of natural resources.
650 1 _aEnvironmental protection.
942 _cEK
999 _c13252
_d13252